Dealing with the challenges of macro financial linkages in emerging markets / (Registro nro. 12300)
[ vista simple ]
| 000 -LEADER | |
|---|---|
| fixed length control field | 01855cam a2200277 i 4500 |
| 003 - CONTROL NUMBER IDENTIFIER | |
| control field | OSt |
| 005 - DATE AND TIME OF LATEST TRANSACTION | |
| control field | 20210825080832.0 |
| 008 - FIXED-LENGTH DATA ELEMENTS--GENERAL INFORMATION | |
| fixed length control field | 130618s2013 dcu i000 0 eng |
| 020 ## - INTERNATIONAL STANDARD BOOK NUMBER | |
| International Standard Book Number | 9781464800023 |
| 020 ## - INTERNATIONAL STANDARD BOOK NUMBER | |
| Canceled/invalid ISBN | 9781464800030 |
| 040 ## - CATALOGING SOURCE | |
| Original cataloging agency | DLC |
| Transcribing agency | CO-JMCR |
| 041 0# - LANGUAGE CODE | |
| Language code of text/sound track or separate title | eng |
| 082 04 - DEWEY DECIMAL CLASSIFICATION NUMBER | |
| Classification number | 339.5091724 / |
| Item number | C235d |
| Edition number | 23 |
| 100 1# - MAIN ENTRY--PERSONAL NAME | |
| Personal name | Canuto, Otaviano, |
| Relator term | autor |
| 9 (RLIN) | 39645 |
| 245 10 - TITLE STATEMENT | |
| Title | Dealing with the challenges of macro financial linkages in emerging markets / |
| Statement of responsibility, etc. | Otaviano Canuto and Swati R. Ghosh, editors. |
| 264 #1 - PRODUCTION, PUBLICATION, DISTRIBUTION, MANUFACTURE, AND COPYRIGHT NOTICE | |
| Place of production, publication, distribution, manufacture | Washington, D.C. : |
| Name of producer, publisher, distributor, manufacturer | World Bank, |
| Date of production, publication, distribution, manufacture, or copyright notice | [2013] |
| 300 ## - PHYSICAL DESCRIPTION | |
| Extent | xxi, 279 pages ; |
| Dimensions | 26 cm |
| 490 0# - SERIES STATEMENT | |
| Series statement | A world bank study |
| 504 ## - BIBLIOGRAPHY, ETC. NOTE | |
| Bibliography, etc. note | Bibliography : pages 276-279. |
| 505 0# - FORMATTED CONTENTS NOTE | |
| Title | Adapting macro prudential approaches to emerging and developing economies / |
| Statement of responsibility | Hyun Shin -- |
| Title | Adapting micro prudential regulations for emerging markets / |
| Statement of responsibility | Viral Acharya -- |
| Title | Capital flow volatility and systemic risk in emerging markets : the policy toolkit / |
| Statement of responsibility | Stijn Claessens and Swati R. Ghosh -- |
| Title | Monetary policy and macro prudential regulation: whither emerging markets? / |
| Statement of responsibility | Otaviano Canuto and Matheus Cavallari -- |
| Title | Macro prudential policies to mitigate financial vulnerabilities in emerging markets / |
| Statement of responsibility | Stijn Claessens, Swati R. Ghosh, and Roxana Mihet -- |
| Title | Sailing through the global financial storm : brazil's recent experience with monetary and macro prudential policies to lean against the financial cycle and deal with systemic risks / |
| Statement of responsibility | Luiz Pereira da Silva and Ricardo Harris -- |
| Title | The operation of macro prudential policy measures: the case of korea in the 2000s / |
| Statement of responsibility | Jong Kyu Lee. |
| Formatted contents note | |
| 650 14 - SUBJECT ADDED ENTRY--TOPICAL TERM | |
| Topical term or geographic name entry element | Monetary policy |
| Geographic subdivision | Developing countries. |
| 9 (RLIN) | 39646 |
| 650 24 - SUBJECT ADDED ENTRY--TOPICAL TERM | |
| Topical term or geographic name entry element | Business cycles |
| Geographic subdivision | Developing countries. |
| 9 (RLIN) | 39647 |
| 650 24 - SUBJECT ADDED ENTRY--TOPICAL TERM | |
| Topical term or geographic name entry element | Finance |
| Geographic subdivision | Developing countries. |
| 9 (RLIN) | 38547 |
| 700 1# - ADDED ENTRY--PERSONAL NAME | |
| Personal name | Ghosh, Swati R., |
| Relator term | editor of compilation. |
| 9 (RLIN) | 39648 |
| 942 ## - ADDED ENTRY ELEMENTS (KOHA) | |
| Source of classification or shelving scheme | Dewey Decimal Classification |
| Koha item type | Books |
| Withdrawn status | Lost status | Source of classification or shelving scheme | Damaged status | Not for loan | Home library | Current library | Shelving location | Date acquired | Source of acquisition | Full call number | Barcode | Date last seen | Copy number | Price effective from | Koha item type |
|---|---|---|---|---|---|---|---|---|---|---|---|---|---|---|---|
| Dewey Decimal Classification | Biblioteca Pública José María del Castillo y Rada | Biblioteca Pública José María del Castillo y Rada | General Stacks | 04/15/2018 | Donación | 339.5091724 / C235d | 430000469 | 05/16/2024 | Ej.1 | 03/10/2021 | Books |